|
|
|
|
| LEADER |
01244nam a22002657i 4500 |
| 005 |
20210420085954.0 |
| 008 |
161026s2001 gr ||||f |||| 000 0 gre d |
| 020 |
|
|
|a 9601603662
|
| 040 |
|
|
|a GR-PaULI
|b gre
|c GR-PaULI
|
| 041 |
1 |
|
|a gre
|h fre
|
| 082 |
0 |
4 |
|2 23
|a 365.5
|
| 100 |
1 |
|
|9 157828
|a Wacquant, Loic, J. D.
|e συγγραφέας
|
| 245 |
1 |
3 |
|a Οι φυλακές της μιζέριας /
|c Loic Wacquant ; πρόλογος: Νίκος Παναγιωτόπουλος ; μετάφραση: Καίτη Διαμαντάκου.
|
| 260 |
|
|
|a Αθήνα :
|b Πατάκης,
|c 2002.
|
| 300 |
|
|
|a 202 σ. :
|b πίν. ;
|c 17 εκ.
|
| 490 |
1 |
|
|a Λόγοι δράσης
|
| 650 |
|
4 |
|a Φυλακές
|9 32772
|
| 650 |
|
4 |
|9 157829
|a Σωφρονιστικό δίκαιο
|
| 650 |
|
4 |
|a Κοινωνική πρόνοια
|9 39799
|
| 700 |
1 |
|
|9 23012
|a Διαμαντάκου, Καίτη
|e μεταφραστής
|
| 830 |
|
0 |
|9 157846
|a Λόγοι δράσης
|
| 942 |
|
|
|2 ddc
|c BKN
|
| 952 |
|
|
|0 0
|1 0
|2 ddc
|4 0
|6 365_500000000000000_WAC
|7 1
|9 206840
|a LISP
|b LISP
|c DON
|d 2016-10-26
|e ΔΙΑ
|i 087588
|l 0
|o 365.5 WAC
|p 025000152126
|r 2016-10-26 00:00:00
|t 1
|v 2016.00
|w 2016-10-26
|y BKN
|x Συλλογή Διακογιάννη
|
| 998 |
|
|
|c ΒΑΣΙΛΕΙΟΥ
|d 2016-10
|
| 999 |
|
|
|c 125756
|d 125756
|